|
|
|
|
| LEADER |
00000nas a2200000 a 4500 |
| 001 |
ssj0000396066 |
| 003 |
WaSeSS |
| 005 |
20200512172242.0 |
| 006 |
m d |
| 007 |
cr n |
| 008 |
060814c20069999ve uu p s 0 0spa |
| 010 |
|
|
|a 2007243363
|
| 016 |
7 |
|
|a 101285087
|2 DNLM
|
| 022 |
|
|
|y 1856-4550
|
| 035 |
|
|
|a (WaSeSS)ssj0000396066
|
| 040 |
|
|
|a NLM
|b eng
|c NLM
|d OCLCQ
|d STF
|d OCLCQ
|d OCLCO
|d CDS
|d OCLCF
|d OCLCQ
|d WaSeSS
|
| 041 |
0 |
|
|a spa
|a eng
|
| 042 |
|
|
|a pcc
|
| 050 |
|
4 |
|a RC685.H8
|b R48
|
| 060 |
0 |
0 |
|a W1
|b RE597
|
| 245 |
0 |
0 |
|a Revista latinoamericana de hipertensión
|h [electronic resource].
|
| 260 |
|
|
|a [Venezuela?] :
|b [publisher not identified]
|
| 310 |
|
|
|a Two no. a year
|
| 362 |
1 |
|
|a Began with vol. 1, no. 1 (2006).
|
| 506 |
|
|
|a License restrictions may limit access.
|
| 546 |
|
|
|a In Spanish and English.
|
| 588 |
|
|
|a Description based on first issue; title from cover.
|
| 588 |
|
|
|a Latest issue consulted: Vol. 1, no. 2 (2006).
|
| 650 |
|
0 |
|a Hypertension
|v Periodicals.
|
| 650 |
|
0 |
|a Blood circulation disorders
|v Periodicals.
|
| 650 |
1 |
2 |
|a Hypertension.
|
| 650 |
|
7 |
|a Blood circulation disorders.
|2 fast
|0 (OCoLC)fst00834694
|
| 650 |
|
7 |
|a Hypertension.
|2 fast
|0 (OCoLC)fst00965831
|
| 655 |
|
0 |
|a Electronic journals.
|
| 710 |
2 |
|
|a Latin American Society of Hypertension.
|
| 710 |
2 |
|
|a Sociedad Venezolana de Hipertensión.
|
| 856 |
4 |
0 |
|z Full text available from Research Library: 01/01/2011 to present
|u https://search.proquest.com/publication/1216405
|